000 00222 a2200109 4500
245 _aNYANGA YENZOU
_hText
020 _a869225197
100 _aE MASUNDIRE
650 _aSHONA LITERATURE
005 20191017173705.0
260 _c1992
084 _aNONE
999 _c10602
_d10602